|
|
|
|
| LEADER |
01316nam a22003257a 4500 |
| 001 |
41192 |
| 003 |
BD-DhAAL |
| 005 |
20230515140555.0 |
| 008 |
230514t2003 ko a|||| |||| 00| 0 kor d |
| 020 |
|
|
|a 9788956450155
|
| 020 |
|
|
|a 8956450153
|
| 040 |
|
|
|a BD-DhAAL
|d BD-DhAAL
|
| 082 |
|
|
|a 658.4012
|2 23
|
| 100 |
|
|
|a Kim, Youngchul.
|9 54212
|
| 245 |
|
|
|a Strategic scenario logical thinking /
|c Translated by Youngchul Kim, HR Institute.
|
| 260 |
|
|
|a Seoul, Korean :
|b Ilbit publishing,
|c 2003.
|
| 300 |
|
|
|a 312 pages :
|b illustrations ;
|c 23 cm.
|
| 490 |
|
|
|a Practical training program : Strategy I
|
| 541 |
|
|
|a Complimentary copy from Dr. Sang Hoon Lee, Dean of Brac Business School, Brac University
|e 41192
|
| 650 |
|
|
|a Strategic planning.
|
| 650 |
|
|
|a Business planning.
|
| 650 |
|
|
|a Management strategy.
|9 54213
|
| 650 |
|
|
|a Creative thinking.
|
| 650 |
|
|
|a Corporate reorganizations
|z Korea (South).
|9 54129
|
| 710 |
|
|
|a HR Institute.
|9 54215
|
| 830 |
|
|
|a Practical training program : Strategy I
|9 54216
|
| 852 |
|
|
|a Ayesha Abed Library
|c General Stacks
|
| 942 |
|
|
|2 ddc
|c BK
|
| 999 |
|
|
|c 45752
|d 45752
|
| 952 |
|
|
|0 0
|1 0
|2 ddc
|4 0
|6 658_401200000000000_KIM
|7 0
|9 73630
|a BRACUL
|b BRACUL
|c GEN
|d 2023-05-14
|e Complimentary copy from Dr. Sang Hoon Lee
|l 1
|o 658.4012 KIM
|p 3010041192
|r 2024-11-04
|s 2024-10-30
|t 1
|w 2023-05-14
|y BK
|